000 01045nam a2200241Ia 4500
999 _c53249
_d53249
001 20290
003 GE_BSU
005 20200826215719.0
008 181216s1955||||ge |||||||||||||| ||geo||
040 _cGE_BSU
041 _ageo
080 _a811.353.1'367.625(072) თ-25
100 _aთალაკვაძე, მ.
_93133
245 _aზმნის სწავლება სკოლაში /
_cმ. თალაკვაძე.
264 _aთბილისი :
_bინ-ტის გამ-ბა,
_c1955.
300 _a218 გვ. ;
_c21 სმ.
541 _h1ლ.12თ.
653 _aზმნის სწავლება სკოლაში
653 _aქართული ენა
710 _aსაქართველოს სსრ განათლების სამინისტრო
_99342
710 _aპედაგოგიურ მეცნიერებათა სამეცნიერო-საკვლევი ინსტიტუტი
_99188
942 _cBK
_2udc